| 000 | 01451nab a22002177a 4500 | ||
|---|---|---|---|
| 999 |
_c5325 _d5325 |
||
| 003 | OSt | ||
| 005 | 20250220115006.0 | ||
| 008 | 190605e xxu||||| |||| 00| 0 spa d | ||
| 040 | _cPJ | ||
| 100 |
_96371 _aSimionato, Maximiliano H. |
||
| 245 | 1 | 3 |
_aEl Fondo de reserva y sus implicancias en el procedimiento laboral / _cMaximiliano H. Simionato. |
| 260 |
_aCiudad Autónoma de Buenos Aires : _bThomson Reuters La Ley, _c2025. |
||
| 300 | _ap. 147-155 | ||
| 500 | _aCita Online: AR/DOC/3136/2024. | ||
| 505 | _aSumario: I. Naturaleza jurídica del Fondo de Reserva de la ley 24.557.— II. ¿El Fondo de Reserva es parte en el proceso?— III. El rol del Fondo de Reserva en el proceso.— IV. Los delegados liquidadores.— V. Embargabilidad o inembargabilidad del Fondo de Reserva.— VI. Marco reglamentario. El cómputo de los intereses en el marco de una hipotética condena —sistémica— recaída contra una aseguradora liquidada.— VII. Costas en el proceso. Responsabilidad sistémica o extra sistémica.— VIII. Plenario "Borgia".— IX. Res. 28.117 | ||
| 505 | _t¿Te interesa el texto completo? Solicitalo al correo: koha@justierradelfuego.gov.ar | ||
| 650 | 0 |
_91316 _aDERECHO LABORAL |
|
| 650 | 0 |
_96372 _aFONDO DE RESERVA DE LA LEY SOBRE RIESGOS DEL TRABAJO |
|
| 773 | 0 |
_02711 _93168 _dCiudad Autónoma de Buenos Aires : Thomson Reuters La Ley, 1999-2002. _tRevista de derecho del trabajo. Nº 1 - Enero 2025 |
|
| 942 |
_2udc _cANA |
||